Impuestos distritales Bogot ̀/

Detalles Bibliográficos
Autor principal: Parra Ortiz, Harold Ferney
Formato: eBook
Lenguaje:español
Publicado: Bogot:̀ Grupo Editorial Nueva Legislacin̤, 2021
Materias:
Acceso en línea:Acceso restringido

MARC

LEADER 00000nam a22000007a 4500
005 20220202224825.0
007 cr|||| |||
008 220202s2021 co |||||s|||| 00||0 spa d
020 |a 978-958-52024-2-9 
035 |a 35409 
040 |a vLex 
090 |c 12910  |d 12910 
100 1 |a Parra Ortiz, Harold Ferney 
245 1 0 |a Impuestos distritales  |h [Recurso electrn̤ico] :  |b Bogot ̀/  |c Harold Ferney Parra Ortiz 
256 |a Servicio en ln̕ea 
260 |a Bogot:̀  |b Grupo Editorial Nueva Legislacin̤,  |c 2021 
300 |a 1 recurso electrn̤ico 
506 1 |a Disponible solo en los productos indicados  |d vLex Global  |d vLex Global (Academic Edition, excluding Law Schools)  |d vLex Global (U.S. Academic Edition, Law Schools)  |d vLex Global (U.S. Academic Edition, excluding Law Schools)  |d vLex Global (Academic Edition, Law Schools) 
650 0 4 |a Derecho Fiscal  |z Colombia 
740 0 |a vLex Libros (Servicio en ln̕ea) 
856 4 0 |u https://app.vlex.com/#/sources/35409  |z Acceso restringido 
942 |c BOOK 
999 0 |a Tax Law